[Event "Schaffhausen op"]
[Site "Schaffhausen"]
[Date "2022.03.18"]
[Round "1"]
[White "Speck, Stefan"]
[Black "Mazzoni, Renzo"]
[Result "1-0"]
[WhiteElo "1902"]
[BlackElo "1434"]
[PlyCount "21"]
[EventDate "2022.03.18"]
[EventType "swiss"]
[EventRounds "5"]
[EventCountry "SUI"]
[SourceTitle "CBM 207 Extra"]
[Source "ChessBase"]
[SourceDate "2022.05.31"]
[SourceVersion "1"]
[SourceVersionDate "2022.05.31"]
[SourceQuality "1"]

1. e4 c5 2. Nf3 d6 3. d4 cxd4 4. Nxd4 Nf6 5. Nc3 Bd7 6. h3 e5 7. Nb3 g6 8. Bg5 Bg7 9. Qxd6 Nc6 10. Nd5 Rc8 11. Bxf6 1-0

[Event "Heusenstamm Sparkassen op-A 7th"]
[Site "Heusenstamm"]
[Date "2021.11.19"]
[Round "3.37"]
[White "Speck, Stefan"]
[Black "Bluebaum, Johanna"]
[Result "0-1"]
[WhiteElo "1928"]
[BlackElo "2046"]
[PlyCount "36"]
[EventDate "2021.11.18"]
[EventType "swiss"]
[EventRounds "7"]
[EventCountry "GER"]
[SourceTitle "EXT 2023"]
[Source "ChessBase"]
[SourceDate "2022.10.05"]
[SourceVersion "1"]
[SourceVersionDate "2022.10.05"]
[SourceQuality "1"]

1. e4 e6 2. d4 d5 3. Nc3 Nf6 4. Bg5 Be7 5. e5 Nfd7 6. h4 h6 7. Qh5 a6 8. Bd3 c5 9. 0-0-0 cxd4 10. Nxd5 Bxg5+ 11. hxg5 Nxe5 12. g6 Qxd5 13. gxf7+ Nxf7 14. Qe2 Nc6 15. Rh5 Qxa2 16. Bc4 Qa1+ 17. Kd2 Qxb2 18. Bxe6 0-0 0-1

[Event "GER-ch Net blitz qual2"]
[Site "Playchess.com INT"]
[Date "2021.05.04"]
[Round "1"]
[White "Juergens, Florian"]
[Black "Speck, Stefan"]
[Result "0-1"]
[WhiteElo "1885"]
[BlackElo "1607"]
[PlyCount "58"]
[EventDate "2021.05.04"]
[EventType "swiss (blitz)"]
[EventRounds "11"]
[EventCountry "GER"]
[SourceTitle "CBM 202 Extra"]
[Source "ChessBase"]
[SourceDate "2021.07.31"]
[SourceVersion "1"]
[SourceVersionDate "2021.07.31"]
[SourceQuality "1"]

1. e4 d6 2. d4 Nf6 3. f3 e5 4. dxe5 dxe5 5. Qxd8+ Kxd8 6. Nc3 c6 7. Bg5 Be6 8. 0-0-0+ Kc7 9. a3 Nbd7 10. Nge2 a5 11. Ng3 b5 12. Nb1 Bc5 13. Nd2 a4 14. c4 b4 15. Nb1 h6 16. Bd2 Rhb8 17. Be2 bxa3 18. Nxa3 Rb3 19. f4 Bg4 20. Bxg4 Nxg4 21. Rdf1 Rab8 22. Bc3 Bxa3 23. bxa3 Rxc3+ 24. Kd2 Rxa3 25. fxe5 Ndxe5 26. h3 Ra2+ 27. Kc3 Rb3+ 28. Kd4 Rd2+ 29. Kc5 Nd7# 0-1

[Event "GER-ch Net blitz qual2"]
[Site "Playchess.com INT"]
[Date "2021.05.04"]
[Round "2"]
[White "Speck, Stefan"]
[Black "Burkart, Lloyd Shang"]
[Result "0-1"]
[WhiteElo "1607"]
[BlackElo "1966"]
[PlyCount "68"]
[EventDate "2021.05.04"]
[EventType "swiss (blitz)"]
[EventRounds "11"]
[EventCountry "GER"]
[SourceTitle "CBM 202 Extra"]
[Source "ChessBase"]
[SourceDate "2021.07.31"]
[SourceVersion "1"]
[SourceVersionDate "2021.07.31"]
[SourceQuality "1"]

1. e4 c5 2. Nf3 e6 3. d4 cxd4 4. Nxd4 Nf6 5. Nc3 d6 6. g3 Nc6 7. Bg2 Qb6 8. Nb3 Be7 9. 0-0 a6 10. Be3 Qc7 11. h3 b5 12. Qd2 Bb7 13. Rae1 0-0 14. Kh2 Ne5 15. Bf4 Nc4 16. Qc1 Rac8 17. Nb1 Rfd8 18. c3 e5 19. Bg5 h6 20. Bxf6 Bxf6 21. N1d2 Bg5 22. f4 exf4 23. gxf4 Bf6 24. Nxc4 Qxc4 25. Nd2 Qxa2 26. Rf3 Qe6 27. Rg3 Bh4 28. Ree3 Bxg3+ 29. Rxg3 Qf6 30. Nf3 Bxe4 31. Qe3 Re8 32. Qf2 Qxf4 33. Kh1 Rc5 34. Nd4 Qxf2 0-1

[Event "GER-ch Net blitz qual1"]
[Site "Playchess.com INT"]
[Date "2020.03.07"]
[Round "4"]
[White "Speck, Stefan"]
[Black "Friemel, Reinhard"]
[Result "1-0"]
[WhiteElo "1928"]
[BlackElo "1798"]
[PlyCount "77"]
[EventDate "2020.03.07"]
[EventType "swiss (blitz)"]
[EventRounds "9"]
[EventCountry "GER"]
[SourceTitle "CBM 195 Extra"]
[Source "ChessBase"]
[SourceDate "2020.05.31"]
[SourceVersion "1"]
[SourceVersionDate "2020.05.31"]
[SourceQuality "1"]

1. e4 e6 2. d4 d5 3. Nc3 Nf6 4. Bg5 Bb4 5. e5 Bxc3+ 6. bxc3 h6 7. Bd2 Ne4 8. Bd3 Nxd2 9. Kxd2 Qg5+ 10. Ke2 c5 11. Nf3 Qh5 12. Bb5+ Bd7 13. a4 a6 14. Bxd7+ Nxd7 15. a5 Qg6 16. Qd3 Qxd3+ 17. cxd3 cxd4 18. cxd4 b5 19. Rhc1 Ke7 20. Rc7 Rhc8 21. Rac1 Rxc7 22. Rxc7 Kd8 23. Rc6 b4 24. Nd2 Ke7 25. Nb3 f6 26. f4 fxe5 27. dxe5 Kd8 28. Nd4 Rb8 29. Nxe6+ Ke7 30. Nd4 b3 31. Nxb3 Rxb3 32. Rxa6 d4 33. Rg6 Rb2+ 34. Kf3 Rb7 35. Rxg7+ Ke6 36. Rg6+ Ke7 37. Rxh6 Ra7 38. a6 Kf7 39. Ke4 1-0

[Event "GER T278-C31-S email"]
[Site "GER email"]
[Date "2018.05.28"]
[Round "?"]
[White "Speck, Stefan"]
[Black "Zielinski, Sergej"]
[Result "0-1"]
[WhiteElo "1821"]
[BlackElo "2003"]
[PlyCount "92"]
[EventDate "2018.06.15"]
[EventType "tourn (corr)"]
[EventRounds "8"]
[EventCountry "GER"]
[SourceTitle "Corr 2022"]
[Source "ChessBase"]
[SourceDate "2021.10.24"]
[SourceVersion "1"]
[SourceVersionDate "2021.10.24"]
[SourceQuality "1"]

1. e4 e5 2. f4 d5 3. exd5 exf4 4. Nf3 Nf6 5. Nc3 Nxd5 6. Bc4 Nxc3 7. dxc3 Qxd1+ 8. Kxd1 Bd6 9. Re1+ Kf8 10. Ne5 Bxe5 11. Rxe5 f6 12. Rc5 c6 13. Bxf4 b6 14. Bxb8 bxc5 15. Bd6+ Ke8 16. Kd2 Kd8 17. Re1 Re8 18. Rxe8+ Kxe8 19. Bxc5 a5 20. Bd3 Be6 21. Bxh7 Bxa2 22. Bd3 Bd5 23. g3 Be6 24. c4 Bh3 25. Kc3 g5 26. Bd4 Ke7 27. Be4 Rc8 28. Be3 Ke6 29. Bh1 Kd6 30. Bf3 Re8 31. c5+ Kd7 32. Kd2 Bf5 33. Bd4 g4 34. Bd1 Ke6 35. c3 Rh8 36. Bg1 Rb8 37. Kc1 Kf7 38. Ba4 Be4 39. Be3 f5 40. Bf4 Rb7 41. Bd1 Kg6 42. Bd6 Rh7 43. b4 axb4 44. cxb4 Rxh2 45. Ba4 Ra2 46. Bb3 Rf2 0-1

[Event "GER T283-C40-S email"]
[Site "GER email"]
[Date "2018.03.15"]
[Round "?"]
[White "Mehlhorn, Uwe"]
[Black "Speck, Stefan"]
[Result "1-0"]
[WhiteElo "2173"]
[BlackElo "1821"]
[PlyCount "41"]
[EventDate "2018.03.26"]
[EventType "tourn (corr)"]
[EventRounds "8"]
[EventCountry "GER"]
[SourceTitle "Corr 2022"]
[Source "ChessBase"]
[SourceDate "2021.10.24"]
[SourceVersion "1"]
[SourceVersionDate "2021.10.24"]
[SourceQuality "1"]

1. e4 e5 2. Nf3 f5 3. Nxe5 Qf6 4. d4 d6 5. Nc4 fxe4 6. Nc3 Qg6 7. f3 exf3 8. Qxf3 Nf6 9. Ne3 c6 10. Bd3 Qh5 11. Qg3 Be7 12. 0-0 0-0 13. Bd2 d5 14. Rae1 Bd8 15. Ne2 Na6 16. Nf4 Qf7 17. Ng6 Bc7 18. Ne5 Bd6 19. c4 Be6 20. cxd5 cxd5 21. Bf5 1-0

[Event "GER-Cup34 E/V01 email"]
[Site "GER email"]
[Date "2018.01.22"]
[Round "?"]
[White "Speck, Stefan"]
[Black "Wilshusen, Horst"]
[Result "1-0"]
[WhiteElo "1821"]
[BlackElo "1529"]
[PlyCount "45"]
[EventDate "2018.01.30"]
[EventType "tourn (corr)"]
[EventRounds "4"]
[EventCountry "GER"]
[SourceTitle "Corr 2020"]
[Source "ChessBase"]
[SourceDate "2019.09.30"]
[SourceVersion "1"]
[SourceVersionDate "2019.09.30"]
[SourceQuality "1"]

1. e4 e5 2. Nf3 Nc6 3. Nc3 Nf6 4. d4 exd4 5. Nxd4 Bc5 6. Be3 Nxd4 7. Bxd4 Bxd4 8. Qxd4 0-0 9. 0-0-0 d6 10. e5 Ne8 11. Bd3 f5 12. Bc4+ Kh8 13. Rhe1 Qg5+ 14. f4 Qg6 15. Rd2 Bd7 16. e6 Bc6 17. e7 Rf7 18. Bxf7 Qxf7 19. Nd5 Kg8 20. Kb1 Bxd5 21. Qxd5 c6 22. Qa5 d5 23. Qd8 1-0

[Event "Wiesbaden op 29th"]
[Site "Wiesbaden"]
[Date "2017.08.27"]
[Round "6"]
[White "Hipler, Andreas"]
[Black "Speck, Stefan"]
[Result "0-1"]
[WhiteElo "1884"]
[BlackElo "2000"]
[PlyCount "56"]
[EventDate "2017.08.24"]
[EventType "swiss"]
[EventRounds "7"]
[EventCountry "GER"]
[SourceTitle "CBM 180 Extra"]
[Source "ChessBase"]
[SourceDate "2017.10.06"]
[SourceVersion "1"]
[SourceVersionDate "2017.10.06"]
[SourceQuality "1"]

1. d4 d5 2. Nf3 Nf6 3. e3 g6 4. Be2 Bg7 5. 0-0 0-0 6. b3 b6 7. Bb2 Bb7 8. c4 e6 9. Nbd2 Nbd7 10. Rc1 c5 11. dxc5 Nxc5 12. Qc2 Rc8 13. Rfd1 Qe7 14. Qb1 Rfd8 15. cxd5 Nxd5 16. Bxg7 Kxg7 17. Qb2+ Qf6 18. Qxf6+ Kxf6 19. Kf1 Ke7 20. Ke1 Nb4 21. Rc4 Nbd3+ 22. Bxd3 Nxd3+ 23. Ke2 Ba6 24. Rxc8 Rxc8 25. Nc4 Nb2 26. Rc1 Nxc4 27. bxc4 Rxc4 28. Rxc4 Bxc4+ 0-1

[Event "Wiesbaden op 29th"]
[Site "Wiesbaden"]
[Date "2017.08.27"]
[Round "7"]
[White "Speck, Stefan"]
[Black "Neukirchner, Pascal"]
[Result "0-1"]
[WhiteElo "2000"]
[BlackElo "2142"]
[PlyCount "126"]
[EventDate "2017.08.24"]
[EventType "swiss"]
[EventRounds "7"]
[EventCountry "GER"]
[SourceTitle "CBM 180 Extra"]
[Source "ChessBase"]
[SourceDate "2017.10.06"]
[SourceVersion "1"]
[SourceVersionDate "2017.10.06"]
[SourceQuality "1"]

1. e4 c5 2. c3 Nf6 3. e5 Nd5 4. Nf3 Nc6 5. d4 cxd4 6. Bc4 Nb6 7. Bb3 d6 8. exd6 Qxd6 9. 0-0 Be6 10. Nxd4 Nxd4 11. cxd4 Rd8 12. Nc3 Bxb3 13. Qxb3 e6 14. d5 Nxd5 15. Nxd5 Qxd5 16. Qa4+ b5 17. Qxa7 Bc5 18. Qa5 0-0 19. Qe1 Bd4 20. Qe2 Ra8 21. Rd1 Rfd8 22. Be3 e5 23. h3 Ra6 24. Rd3 Rad6 25. Rad1 Qc5 26. Rc1 Qb6 27. Rb3 Bxe3 28. Qxe3 Qxe3 29. Rxe3 Rd1+ 30. Rxd1 Rxd1+ 31. Kh2 f6 32. Rb3 Rd5 33. Rb4 Kf7 34. Kg3 Ke6 35. a4 bxa4 36. Rxa4 Rd7 37. Rc4 Rb7 38. Rc2 g6 39. Rd2 f5 40. Kf3 g5 41. Ke2 e4 42. Kd1 Ke5 43. Kc2 h5 44. Rd8 Kf4 45. Re8 h4 46. Kc3 Rc7+ 47. Kd2 Rg7 48. Rh8 Rd7+ 49. Kc3 e3 50. fxe3+ Kxe3 51. Rg8 Rc7+ 52. Kb3 Kf4 53. Rd8 Re7 54. Rd2 Kg3 55. Kc3 f4 56. b4 f3 57. gxf3 Kxh3 58. b5 Kg3 59. Rd3 Kf4 60. Rd6 Kxf3 61. b6 h3 62. Kd4 h2 63. Rh6 Kg2 0-1